Are you ready for more ?: In a world of climate change, freak storms are the new normal. Why were unprepared for the harrowing future (Record no. 54481)

MARC details
000 -LEADER
fixed length control field 00426nam a2200133Ia 4500
100 ## - MAIN ENTRY--AUTHOR NAME
Personal name Begley Sharon
245 #0 - TITLE STATEMENT
Title Are you ready for more ?: In a world of climate change, freak storms are the new normal. Why were unprepared for the harrowing future
260 ## - PUBLICATION, DISTRIBUTION, ETC. (IMPRINT)
Name of publisher Newsweek
Year of publication 20111
300 ## - PHYSICAL DESCRIPTION
Number of Pages 26-30
500 ## - GENERAL NOTE
General note Source Year: 2011
650 ## - SUBJECT ADDED ENTRY--TOPICAL TERM
Topical Term Climate change
942 ## - ADDED ENTRY ELEMENTS (KOHA)
Koha item type Journals
Holdings
Withdrawn status Lost status Damaged status Not for loan Home library Current library Shelving location Date acquired Serial Enumeration / chronology Koha item type
      Journals RRII Library RRII Library Climate change 06/06/2011 Volume CLVII, Issue 23 Journals